Largest Cities Without the Letter A - Statistics

General Stats
  • This quiz has been taken 205 times
    164 since last reset
  • The average score is 13 of 24
Answer Stats
Hint Answer % Correct
37.8 Tokyo
95%
10.2 London
90%
23.7 New York City
90%
21.0 Beijing
86%
25.0 Delhi
81%
20.1 Mexico City
79%
16.2 Moscow
79%
23.5 Seoul
72%
4.6 Sydney
69%
6.5 Toronto
60%
5.8 Houston
57%
4.5 Melbourne
55%
7.2 Hong Kong
48%
9.0 Ho Chi Minh City
47%
4.5 Boston
44%
10.4 Chengdu
41%
4.2 Phoenix
37%
7.2 Chongqing
34%
12.1 Shenzhen
29%
5.6 Pune
28%
4.5 Belo Horizonte
21%
4.1 Monterrey
18%
5.0 Zhengzhou
13%
5.3 Suzhou
10%
No matching quizzes found
Score Distribution
Percent of People with Each Score
Percentile by Number Answered
Your Score History
You have not taken this quiz since the last reset